ბათუმის შოთა რუსთაველის სახელმწიფო უნივერსიტეტის ბიბლიოთეკა

ჩანაწერი Corporate Name

ჩანაწერთა რაოდენობა, რომელიც გამოყენებულია: 1

001 - CONTROL NUMBER

  • control field: 11961

003 - CONTROL NUMBER IDENTIFIER

  • control field: GE_BSU

005 - DATE AND TIME OF LATEST TRANSACTION

  • control field: 20210604121857.0

008 - FIXED-LENGTH DATA ELEMENTS

  • fixed length control field: 210604|| aca||aabn | a|a d

040 ## - CATALOGING SOURCE

  • Original cataloging agency: GE_BSU
  • Transcribing agency: GE_BSU

110 ## - HEADING--CORPORATE NAME

  • Corporate name or jurisdiction name as entry element: Batumi Shota Rustaveli University. Faculty of Humanities.
  • Date of meeting or treaty signing: Departament of History, Archaeology and Ethnology.

670 ## - SOURCE DATA FOUND

  • Source citation: Work cat.: (GE_BSU): Kilic, Sinan 11958, Northeast Anotolia in the Late Bronze and Early Iron Age :